| 000 | 00739nam a2200241 a 4500 | ||
|---|---|---|---|
| 001 | 26588 | ||
| 003 | CO-ViMGA | ||
| 008 | 141112s2004 ck r 000 u spa d | ||
| 020 | _a9789685389532 | ||
| 040 |
_aCO-ViMGA _bspa _cCO-ViMGA |
||
| 090 | _aC ZEP1 | ||
| 100 | 1 |
_aZepeda, Monique. _96051 |
|
| 245 | 1 | 0 |
_aUna vez, un bosque / _cMonique Zepeda ; ilustraciones Marisol Fernández. |
| 260 |
_aMéxico : _bEdiciones el Naranjo |
||
| 300 | _a[29] p. : il. ; 20 cm. | ||
| 490 | _aColec. Asómate a | ||
| 500 | _aPara niños lectores | ||
| 650 | 1 | 4 |
_aBOSQUES - - CUENTOS INFANTILES _96052 |
| 650 | 1 | 4 | _aCUENTOS INFANTILES MEXICANOS |
| 700 | 1 |
_aFernández, Marisol, il. _96053 |
|
| 700 | 1 |
_aZenteno, Sonia, ed. _96054 |
|
| 942 |
_2ddc _cBK |
||
| 999 |
_c11083 _d11083 |
||